Catalog

Record Details

Catalog Search



Pranks and attacks! #1 / Laurent Richard ; ... Read More

Ryser, Nicolas,(illustrator.). Gauvin, Edward,(translator.).

Available copies

  • 2 of 2 copies available at LARL/NWRL Consortium.
  • 2 of 2 copies available at Lake Agassiz Regional Library. (Show preferred library)

Current holds

0 current holds with 2 total copies.

Show Only Available Copies
Location Call Number / Copy Notes Barcode Shelving Location Status Due Date
Crookston Public Library J G RIC (Text) 33500012039772 Main Available -
Moorhead Public Library J G RIC (Text) 33500012039764 Main Available -

Record details

  • ISBN: 9781467720953 (lib. bdg. : alk. paper)
  • ISBN: 146772095X (lib. bdg. : alk. paper)
  • ISBN: 9781467721745 (pbk.)
  • ISBN: 1467721743 (pbk.)
  • Physical Description: 63 pages : color illustrations ; 22 cm.
  • Edition: First American edition.
  • Publisher: Minneapolis : Graphic Universe, 2014.

Content descriptions

General Note:
Originally published in French by Bayard Éditions in 2011 under title: Farces et attaques!
Summary, etc.:
"Tao is a student at master Snow's martial arts ... Read More
Subject: Graphic novels.
Martial arts > Fiction.
Samurai > Fiction.
Schools > Fiction.
Behavior > Fiction.
Graphic novels.
Martial arts > Juvenile fiction > Comic books, strips, etc.
Samurai > Juvenile fiction > Comic books, strips, etc.
Schools > Juvenile fiction > Comic books, strips, etc.
Conduct of life > Juvenile fiction > Comic books, strips, etc.
Genre: Graphic novels.
LDR 02556cam a2200601 i 4500
001178548
003LARL_NWRL_CONSORTIUM
00520150409164526.0
008130806s2014 mnua c 6 000 1 eng
019 . ‡a881469593
020 . ‡a9781467720953 (lib. bdg. : alk. paper)
020 . ‡a146772095X (lib. bdg. : alk. paper)
020 . ‡z9781467725545 (eBook)
020 . ‡a9781467721745 (pbk.)
020 . ‡a1467721743 (pbk.)
035 . ‡a(OCoLC)855977478 ‡z(OCoLC)881469593
0411 . ‡aeng ‡hfre
042 . ‡alcac ‡apcc
08200. ‡a741.5/944 ‡223
1001 . ‡aRichard, Laurent, ‡d1968- ‡0(LARL_NWRL_CONSORTIUM)220946
24510. ‡aPranks and attacks! ‡n#1 / ‡cLaurent Richard ; illustrated by Nicolas Ryser ; translation, Edward Gauvin.
250 . ‡aFirst American edition.
260 . ‡aMinneapolis : ‡bGraphic Universe, ‡c2014.
300 . ‡a63 pages : ‡bcolor illustrations ; ‡c22 cm.
336 . ‡atext ‡2rdacontent
336 . ‡astill image ‡2rdacontent
337 . ‡aunmediated ‡2rdamedia
338 . ‡avolume ‡2rdacarrier
4900 . ‡aTao, the little samurai ; ‡v1
500 . ‡aOriginally published in French by Bayard Éditions in 2011 under title: Farces et attaques!
520 . ‡a"Tao is a student at master Snow's martial arts school. With his friends Rayi and Lee and his not-girlfriend Kat, he tries to follow the teachings of martial arts masters--or, more often, finds a way around the masters' advice"-- ‡cProvided by publisher.
650 1. ‡aGraphic novels. ‡0(LARL_NWRL_CONSORTIUM)40036
650 1. ‡aMartial arts ‡vFiction.
650 1. ‡aSamurai ‡vFiction. ‡0(LARL_NWRL_CONSORTIUM)174784
650 1. ‡aSchools ‡vFiction. ‡0(LARL_NWRL_CONSORTIUM)167222
650 1. ‡aBehavior ‡vFiction.
650 0. ‡aGraphic novels. ‡0(LARL_NWRL_CONSORTIUM)40036
650 0. ‡aMartial arts ‡vJuvenile fiction ‡vComic books, strips, etc.
650 0. ‡aSamurai ‡vJuvenile fiction ‡vComic books, strips, etc.
650 0. ‡aSchools ‡vJuvenile fiction ‡vComic books, strips, etc.
650 0. ‡aConduct of life ‡vJuvenile fiction ‡vComic books, strips, etc.
655 0. ‡aGraphic novels.
7001 . ‡aRyser, Nicolas, ‡eillustrator.
7001 . ‡aGauvin, Edward, ‡etranslator. ‡0(LARL_NWRL_CONSORTIUM)198281
901 . ‡a178548 ‡bOCLC ‡c178548 ‡tbiblio

Additional Resources